000 00573cab a2200217 4500
001 X789
008 090401t1993 xxu||||| |||| 00| 0 eng d
035 _a(Sirsi) u67470
041 _aeng
245 _aDesign and construct: employers` requirements
260 _c1993
350 _a0
490 _aCSM (Chartered Surveyor Monthly)
_v2(9) June 1993, 9(1)
650 _aDESIGN AND CONSTRUCT
650 _aJCT81
650 _aPRACTICE NOTE CS/1A
650 _aSKILLS UPDDATE
690 _aBUILT ENVIRONMENT-CONSTRUCTION DESIGN
942 _n0
948 _c04/03/1997
999 _c42215
_d42215